000 01461cam a22003854i 4500
003 PE-LiUPU
005 20250731175643.0
008 150616s r 000 0 d
035 _a(Sirsi) a5665
040 _aPE-LiUPU
_bspa
_cPE-LiUPU
_erda
049 _aPRUA
082 0 4 _a460.46
_bA65
_221
100 1 _aArauco Aliaga, Domingo,
_eautor.
245 1 0 _aPrimeros Estudios del Castellano en la Sierra Central.
264 1 _aJunín - Perú :
_b"La Voz de Huancayo" S.A.,
_c1982.
300 _a298 páginas ;
_c22 cm.
336 _atext
_2rdacontent
337 _aunmediated
_2rdamedia
338 _avolume
_2rdacarrier
505 0 _aCausas que entorpecen la elegante expresión del castellano.- Signos de puntuación.- Principales lenguas que forman el idioma castellano.- Reglas ortográficas.
526 _aP145
526 _aP127
526 _aP97
526 _aP35
526 _aP14
526 _aP07
650 0 4 _aESPAÑOL - SIERRA CENTRAL - PERU.
910 _ajck
_bjvq
_cjck
942 _2ddc
_cBOOK
949 _a460.46 A65
_wDEWEY
_c1
_i39390
_lCCODEBUL1
_mBUL
_p00.00
_r0
_sY
_tBOOK
_u19950927
_xTEOLOGIA
_zUNKNOWN
_0COMPRA
_o.STAFF. Colección General
994 _aC0
_bPEPRU
596 _a1
999 _a460.46 A65
_wDEWEY
_c56718
_i39390
_f2021-11-12
_g5
_lCCODEBUL1
_mBUL
_r0
_sY
_tBOOK
_u2015-6-16
_xTEOLOGIA
_zUNKNOWN
_0COMPRA
_o.STAFF. Colección General
_d56718
980 _81
_gALBERTO SANCHEZ Responsable de Automatización